[Event "Villa Martelli Jorge Laplaza"]
[Site "Villa Martelli"]
[Date "2007.11.10"]
[Round "7"]
[White "Guerrero, Alvaro"]
[Black "Rodriguez Vila, Andres"]
[Result "0-1"]
[WhiteElo "2137"]
[BlackElo "2547"]
[PlyCount "35"]
[EventDate "2007.11.07"]
[EventType "tourn"]
[EventRounds "9"]
[EventCountry "ARG"]
[EventCategory "3"]
[SourceTitle "EXT 2008"]
[Source "ChessBase"]
[SourceDate "2007.11.25"]
[SourceVersion "1"]
[SourceVersionDate "2007.11.25"]
[SourceQuality "1"]

1. d4 f5 2. c4 Nf6 3. Nc3 g6 4. g3 Bg7 5. Bg2 O-O 6. Nf3 d6 7. O-O Qe8 8. d5 c5
9. Rb1 Na6 10. b3 h6 11. Bb2 g5 12. Ne1 Nc7 13. Nd3 b5 14. cxb5 Nxb5 15. Nxb5
Qxb5 16. Qc2 Bd7 17. Qc4 Qxc4 18. bxc4 0-1

[Event "Pereyra Puebla Memorial 06th"]
[Site "Mendoza"]
[Date "2007.12.15"]
[Round "2"]
[White "Rodriguez Vila, Andres"]
[Black "Lovece, Ruth"]
[Result "1-0"]
[WhiteElo "2541"]
[BlackElo "2010"]
[PlyCount "51"]
[EventDate "2007.12.14"]
[EventType "swiss"]
[EventRounds "9"]
[EventCountry "ARG"]
[SourceTitle "CBM 121 Extra"]
[Source "ChessBase"]
[SourceDate "2008.01.10"]
[SourceVersion "1"]
[SourceVersionDate "2008.01.10"]
[SourceQuality "1"]

1. f4 d5 2. Nf3 Nf6 3. g3 c6 4. Bg2 Bg4 5. d3 e6 6. O-O Bxf3 7. Bxf3 Be7 8. e4
Na6 9. Nc3 Nc7 10. Qe2 O-O 11. g4 Nd7 12. Bd2 b5 13. Kh1 b4 14. Nd1 Nb6 15. g5
f5 16. gxf6 Bxf6 17. Bxb4 Be7 18. Bd2 Bd6 19. e5 Be7 20. Rg1 Qe8 21. Nf2 Rb8
22. Bh5 g6 23. Bxg6 hxg6 24. Qh5 Kg7 25. f5 Rxf5 26. Qh6+ 1-0

[Event "Pereyra Puebla Memorial 06th"]
[Site "Mendoza"]
[Date "2007.12.16"]
[Round "3"]
[White "Pereyra, Juan1"]
[Black "Rodriguez Vila, Andres"]
[Result "1/2-1/2"]
[WhiteElo "2222"]
[BlackElo "2541"]
[PlyCount "77"]
[EventDate "2007.12.14"]
[EventType "swiss"]
[EventRounds "9"]
[EventCountry "ARG"]
[SourceTitle "CBM 121 Extra"]
[Source "ChessBase"]
[SourceDate "2008.01.10"]
[SourceVersion "1"]
[SourceVersionDate "2008.01.10"]
[SourceQuality "1"]

1. d4 g6 2. Nf3 d6 3. c4 Bg7 4. g3 Bg4 5. Bg2 Nc6 6. O-O Qd7 7. Nc3 Nh6 8. d5
Bxf3 9. exf3 Nd8 10. Re1 O-O 11. Bg5 e5 12. Qd2 Nf5 13. Bh3 f6 14. Be3 Nf7 15.
c5 dxc5 16. Bxc5 Rfd8 17. Rad1 c6 18. b4 b6 19. Be3 Rac8 20. a3 cxd5 21. Nxd5
Qe6 22. Qa2 Rd6 23. Bf1 Rcd8 24. Bc4 Qd7 25. Rd2 Kh8 26. Red1 Nxe3 27. fxe3 Ng5
28. Be2 f5 29. Nxb6 Qc6 30. Nd5 f4 31. e4 fxg3 32. hxg3 Qd7 33. g4 Qf7 34. Rc2
Ne6 35. a4 Nd4 36. b5 h5 37. a5 Rxd5 38. exd5 Qf4 39. Qa3 1/2-1/2

[Event "Pereyra Puebla Memorial 06th"]
[Site "Mendoza"]
[Date "2007.12.17"]
[Round "4"]
[White "Rodriguez Vila, Andres"]
[Black "Salguero, Francisco"]
[Result "1-0"]
[WhiteElo "2541"]
[BlackElo "2310"]
[PlyCount "133"]
[EventDate "2007.12.14"]
[EventType "swiss"]
[EventRounds "9"]
[EventCountry "ARG"]
[SourceTitle "CBM 121 Extra"]
[Source "ChessBase"]
[SourceDate "2008.01.10"]
[SourceVersion "1"]
[SourceVersionDate "2008.01.10"]
[SourceQuality "1"]

1. f4 Nf6 2. Nf3 g6 3. g3 Bg7 4. Bg2 O-O 5. d3 c5 6. e4 d6 7. h3 Nc6 8. g4 b5
9. O-O a5 10. Nc3 b4 11. Ne2 c4 12. f5 cxd3 13. cxd3 Qb6+ 14. Kh1 Ba6 15. Nf4
Qb5 16. Be3 Rac8 17. a4 bxa3 18. bxa3 Rb8 19. Qc2 Ne5 20. Rab1 Qc6 21. Qxc6
Nxc6 22. Rfc1 Rxb1 23. Rxb1 Rb8 24. Rxb8+ Nxb8 25. Ne1 Ne8 26. Bd2 a4 27. Nd5
Bb2 28. Nc3 Bxa3 29. Nxa4 Bb5 30. Nc2 Bxa4 31. Nxa3 Nc7 32. Kg1 Nc6 33. Kf2 Nb5
34. Nc4 Ne5 35. Nxe5 dxe5 36. Bb4 f6 37. Bxe7 Kf7 38. Bc5 g5 39. Ke3 Bb3 40.
Bf3 Ke8 41. Kd2 Kd7 42. Bd1 Bxd1 43. Kxd1 Nc7 44. Kc2 Na6 45. Ba3 Nb8 46. Kc3
Nc6 47. Bc5 Nb8 48. Kc4 Na6 49. Bf2 Nc7 50. h4 h6 51. h5 Ke7 52. Bc5+ Kf7 53.
Bd6 Ne8 54. Kd5 Ng7 55. Kc6 Ne8 56. Kd7 Ng7 57. Bc5 Ne8 58. d4 exd4 59. Bxd4
Ng7 60. Bc3 Ne8 61. e5 fxe5 62. Bxe5 Nf6+ 63. Bxf6 Kxf6 64. Ke8 Ke5 65. Kf7 Kf4
66. Kg6 Kxg4 67. f6 1-0

[Event "Pereyra Puebla Memorial 06th"]
[Site "Mendoza"]
[Date "2007.12.22"]
[Round "9"]
[White "Barria Yaitul, Armin"]
[Black "Rodriguez Vila, Andres"]
[Result "0-1"]
[WhiteElo "2074"]
[BlackElo "2541"]
[PlyCount "78"]
[EventDate "2007.12.14"]
[EventType "swiss"]
[EventRounds "9"]
[EventCountry "ARG"]
[SourceTitle "CBM 121 Extra"]
[Source "ChessBase"]
[SourceDate "2008.01.10"]
[SourceVersion "1"]
[SourceVersionDate "2008.01.10"]
[SourceQuality "1"]

1. e4 d6 2. d4 g6 3. c4 Nd7 4. Nf3 Bg7 5. Nc3 e5 6. Be2 Ne7 7. Be3 h6 8. Qd2 g5
9. d5 Ng6 10. g3 Bf6 11. h3 a5 12. Nb5 b6 13. b4 axb4 14. Qxb4 Nc5 15. Nd2 Bg7
16. a4 f5 17. Bxc5 bxc5 18. Qc3 O-O 19. Bh5 Ne7 20. f3 c6 21. dxc6 Nxc6 22. Bg6
g4 23. hxg4 fxg4 24. Bh5 Nd4 25. Nxd4 exd4 26. Qd3 gxf3 27. Nxf3 Qa5+ 28. Qd2
Qa6 29. Qd3 d5 30. exd5 Bf5 31. Qd2 Qxc4 32. d6 Qe6+ 33. Kf2 Qxd6 34. Rhe1 c4
35. Kg2 Qd5 36. Re7 Bd7 37. Re4 Qxe4 38. Re1 Qd5 39. Bg4 Rfd8 0-1

[Event "Villa Martelli Fischer Memorial"]
[Site "Villa Martelli"]
[Date "2008.03.19"]
[Round "9.5"]
[White "Rodriguez Vila, Andres"]
[Black "Lemos, Damian"]
[Result "1-0"]
[WhiteElo "2566"]
[BlackElo "2460"]
[PlyCount "80"]
[EventDate "2008.03.11"]
[EventType "tourn"]
[EventRounds "9"]
[EventCountry "ARG"]
[EventCategory "9"]
[SourceTitle "CBM 123 Extra"]
[Source "ChessBase"]
[SourceDate "2008.05.06"]
[SourceVersion "1"]
[SourceVersionDate "2008.05.06"]
[SourceQuality "1"]

1. e4 e6 2. d4 d5 3. e5 c5 4. c3 Qb6 5. Nf3 Nc6 6. Be2 cxd4 7. cxd4 Nge7 8. Na3
Nf5 9. Nc2 Bb4+ 10. Kf1 Be7 11. h4 h5 12. b4 Bd7 13. a3 Rc8 14. g3 Nb8 15. Kg2
Ba4 16. Bd3 Qc6 17. Qe2 Nd7 18. Ne3 Nxe3+ 19. Qxe3 Nb6 20. Ng5 Nc4 21. Qf3 Bxg5
22. hxg5 Bb5 23. Bb1 g6 24. a4 Bxa4 25. g4 h4 26. Qf6 h3+ 27. Kg3 Rf8 28. Rxh3
Nb6 29. Be3 Bb3 30. Bxg6 fxg6 31. Rh8 Rxh8 32. Qxh8+ Kd7 33. Qg7+ Kd8 34. Rh1
Nd7 35. Qxg6 Kc7 36. Qf7 Rf8 37. Qe7 Kb6 38. Rc1 Bc4 39. g6 Qc8 40. Qd6+ Qc6
1-0

[Event "Regina Helena Marques 6th"]
[Site "Santos"]
[Date "2008.05.17"]
[Round "1"]
[White "Rodriguez Vila, Andres"]
[Black "Lujan, Carolina"]
[Result "1-0"]
[WhiteElo "2533"]
[BlackElo "2365"]
[PlyCount "111"]
[EventDate "2008.05.17"]
[EventType "tourn"]
[EventRounds "9"]
[EventCountry "BRA"]
[EventCategory "7"]
[SourceTitle "CBM 124 Extra"]
[Source "ChessBase"]
[SourceDate "2008.07.03"]
[SourceVersion "1"]
[SourceVersionDate "2008.07.03"]
[SourceQuality "1"]

1. d4 Nf6 2. Nf3 g6 3. c4 Bg7 4. g3 O-O 5. Bg2 d5 6. cxd5 Nxd5 7. O-O Nc6 8. e4
Nb6 9. d5 Na5 10. Nc3 c6 11. Bf4 Nac4 12. dxc6 Qxd1 13. Nxd1 bxc6 14. Rb1 f6
15. Bc1 e5 16. b3 Nd6 17. Ba3 Rd8 18. Re1 Be6 19. Rc1 Rac8 20. Nb2 Nb5 21. Be7
Re8 22. Bb4 Bf8 23. Bxf8 Kxf8 24. Nd3 Nd7 25. Bf1 Bg4 26. Nd2 Nd4 27. Re3 Be6
28. Nc4 Ke7 29. f4 exf4 30. gxf4 Red8 31. Na5 Rc7 32. Nb4 Nb8 33. Rec3 Rd6 34.
Kf2 Kf8 35. Rd1 Nb5 36. Rcd3 Rxd3 37. Rxd3 Ke7 38. Ke3 c5 39. Nd5+ Bxd5 40.
Rxd5 Nd6 41. Bh3 Nc8 42. e5 Nb6 43. Rd2 fxe5 44. fxe5 Nc6 45. Nxc6+ Rxc6 46.
Rc2 Nd5+ 47. Ke4 Nb4 48. Rd2 Rc7 49. Bf1 Nc6 50. Rd6 Nd4 51. Bc4 Rc6 52. Kd5
Rc7 53. Rf6 Nf5 54. Ke4 Ke8 55. a4 Ne7 56. Bb5+ 1-0

[Event "Regina Helena Marques 6th"]
[Site "Santos"]
[Date "2008.05.17"]
[Round "2"]
[White "Rodriguez Vila, Andres"]
[Black "Sega, Carlos Alberto"]
[Result "1-0"]
[WhiteElo "2533"]
[BlackElo "2235"]
[PlyCount "63"]
[EventDate "2008.05.17"]
[EventType "tourn"]
[EventRounds "9"]
[EventCountry "BRA"]
[EventCategory "7"]
[SourceTitle "CBM 124 Extra"]
[Source "ChessBase"]
[SourceDate "2008.07.03"]
[SourceVersion "1"]
[SourceVersionDate "2008.07.03"]
[SourceQuality "1"]

1. f4 d5 2. Nf3 Nf6 3. g3 g6 4. Bg2 Bg7 5. O-O O-O 6. d3 c5 7. Nc3 Nc6 8. e4
dxe4 9. dxe4 Bg4 10. Be3 Qa5 11. e5 Rad8 12. Qe1 Ne8 13. Qf2 Bxf3 14. Bxf3 Nd4
15. Bxb7 Qb5 16. Bg2 Qxb2 17. Ne4 Qa3 18. c3 Ne6 19. Nxc5 N8c7 20. c4 Rb8 21.
Nd7 Rb2 22. Bc1 Rxf2 23. Bxa3 Rxf1+ 24. Kxf1 Rd8 25. Rd1 Bf8 26. Ke2 Kg7 27. c5
Nb5 28. Bb2 Nbd4+ 29. Bxd4 Rxd7 30. Be3 Rc7 31. c6 Kg8 32. Rd7 1-0

[Event "Regina Helena Marques 6th"]
[Site "Santos"]
[Date "2008.05.17"]
[Round "3"]
[White "Di Berardino, Diego Rafael"]
[Black "Rodriguez Vila, Andres"]
[Result "0-1"]
[WhiteElo "2431"]
[BlackElo "2533"]
[PlyCount "78"]
[EventDate "2008.05.17"]
[EventType "tourn"]
[EventRounds "9"]
[EventCountry "BRA"]
[EventCategory "7"]
[SourceTitle "CBM 124 Extra"]
[Source "ChessBase"]
[SourceDate "2008.07.03"]
[SourceVersion "1"]
[SourceVersionDate "2008.07.03"]
[SourceQuality "1"]

1. e4 d6 2. d4 g6 3. Nc3 c6 4. f4 b5 5. Nf3 b4 6. Nb1 a5 7. a3 Bb7 8. axb4 axb4
9. Rxa8 Bxa8 10. Bd3 Nd7 11. O-O c5 12. d5 Bg7 13. Nbd2 Ngf6 14. Qe1 O-O 15.
Qh4 Nb6 16. f5 gxf5 17. Ng5 h6 18. Nh3 e6 19. dxe6 fxe6 20. exf5 e5 21. Qg3 Kh8
22. c4 bxc3 23. bxc3 Nbd5 24. c4 Nb4 25. Bb1 Nc6 26. Ne4 Nd4 27. Qe3 Qb6 28.
Bd3 Ng4 29. Qe1 d5 30. f6 Nxf6 31. Nxf6 Rxf6 32. Rxf6 Qxf6 33. cxd5 Bxd5 34.
Nf2 Qh4 35. Qa5 Nb3 36. Qa3 e4 37. g3 Qe7 38. Bxe4 Bd4 39. Bb2 Qxe4 0-1

[Event "Regina Helena Marques 6th"]
[Site "Santos"]
[Date "2008.05.17"]
[Round "4"]
[White "Rodriguez Vila, Andres"]
[Black "Van Riemsdijk, Herman Claudius"]
[Result "1-0"]
[WhiteElo "2533"]
[BlackElo "2396"]
[PlyCount "97"]
[EventDate "2008.05.17"]
[EventType "tourn"]
[EventRounds "9"]
[EventCountry "BRA"]
[EventCategory "7"]
[SourceTitle "CBM 124 Extra"]
[Source "ChessBase"]
[SourceDate "2008.07.03"]
[SourceVersion "1"]
[SourceVersionDate "2008.07.03"]
[SourceQuality "1"]

1. d4 Nf6 2. Nf3 e6 3. b3 c5 4. e3 b6 5. Bd3 Bb7 6. O-O Nc6 7. Bb2 cxd4 8. exd4
Nb4 9. Be2 Nbd5 10. Re1 Be7 11. Bf1 O-O 12. g3 a6 13. c4 Nc7 14. Bg2 d6 15. Nc3
b5 16. a4 bxc4 17. bxc4 Rb8 18. Qc2 Re8 19. a5 Bf8 20. Na4 Nd7 21. Bc3 g6 22.
Rab1 f5 23. Nh4 Bxg2 24. Nxg2 e5 25. c5 Rxb1 26. Rxb1 dxc5 27. Qa2+ Kh8 28.
dxe5 Nb5 29. Rd1 Nd4 30. Bxd4 cxd4 31. e6 Nf6 32. Nb6 Bc5 33. Qb3 Qd6 34. Nf4
Rb8 35. Qc4 g5 36. Nfd5 Bxb6 37. Nxb6 Re8 38. e7 Qxe7 39. Qxa6 Ne4 40. Qc4 Rd8
41. Rxd4 Qf6 42. Rxd8+ Qxd8 43. Qd5 Qf8 44. Qd4+ Kg8 45. Qd5+ Kg7 46. Nd7 Qb4
47. Qxf5 Qb1+ 48. Kg2 Qb7 49. Qf8+ 1-0

[Event "Regina Helena Marques 6th"]
[Site "Santos"]
[Date "2008.05.17"]
[Round "5"]
[White "Bachmann, Axel"]
[Black "Rodriguez Vila, Andres"]
[Result "0-1"]
[WhiteElo "2519"]
[BlackElo "2533"]
[PlyCount "48"]
[EventDate "2008.05.17"]
[EventType "tourn"]
[EventRounds "9"]
[EventCountry "BRA"]
[EventCategory "7"]
[SourceTitle "CBM 124 Extra"]
[Source "ChessBase"]
[SourceDate "2008.07.03"]
[SourceVersion "1"]
[SourceVersionDate "2008.07.03"]
[SourceQuality "1"]

1. c4 g6 2. g3 Bg7 3. Bg2 e5 4. Nc3 d6 5. b4 f5 6. Rb1 Nf6 7. d3 O-O 8. e3 Nc6
9. Nge2 Rb8 10. O-O Be6 11. b5 Ne7 12. Qa4 Nd7 13. Ba3 f4 14. Bh1 Bh3 15. Rfe1
fxe3 16. fxe3 Bh6 17. Bc1 Nf5 18. Nd5 c6 19. bxc6 bxc6 20. Rxb8 Nxb8 21. e4
Bxc1 22. Rxc1 Nh6 23. Ndf4 exf4 24. Nxf4 Qg5 0-1

[Event "Regina Helena Marques 6th"]
[Site "Santos"]
[Date "2008.05.17"]
[Round "6"]
[White "Rodriguez Vila, Andres"]
[Black "Campelo, Leandro Fabricio"]
[Result "1-0"]
[WhiteElo "2533"]
[BlackElo "2248"]
[PlyCount "67"]
[EventDate "2008.05.17"]
[EventType "tourn"]
[EventRounds "9"]
[EventCountry "BRA"]
[EventCategory "7"]
[SourceTitle "CBM 124 Extra"]
[Source "ChessBase"]
[SourceDate "2008.07.03"]
[SourceVersion "1"]
[SourceVersionDate "2008.07.03"]
[SourceQuality "1"]

1. e4 e6 2. d4 d5 3. e5 c5 4. c3 Nc6 5. Nf3 Bd7 6. Be2 Nge7 7. O-O cxd4 8. cxd4
Nf5 9. Nc3 Be7 10. a3 O-O 11. b4 a6 12. g4 Nh4 13. Nxh4 Bxh4 14. Be3 f6 15.
exf6 Bxf6 16. f4 Be7 17. Bd3 Bd6 18. Ra2 Qh4 19. Rg2 Rf7 20. Ne2 Qe7 21. Qd2
Raf8 22. Ng3 Qh4 23. Bb1 Kh8 24. Rff2 g6 25. Kh1 Ne7 26. Ne2 e5 27. dxe5 Bxe5
28. Nd4 Bg7 29. Nf3 Qf6 30. Ne5 d4 31. Bxd4 Bc6 32. Ba2 Bxg2+ 33. Kxg2 Qd6 34.
Nxf7+ 1-0

[Event "Regina Helena Marques 6th"]
[Site "Santos"]
[Date "2008.05.17"]
[Round "8"]
[White "Rodriguez Vila, Andres"]
[Black "Perdomo, Carlos Andres"]
[Result "1-0"]
[WhiteElo "2533"]
[BlackElo "2353"]
[PlyCount "99"]
[EventDate "2008.05.17"]
[EventType "tourn"]
[EventRounds "9"]
[EventCountry "BRA"]
[EventCategory "7"]
[SourceTitle "CBM 124 Extra"]
[Source "ChessBase"]
[SourceDate "2008.07.03"]
[SourceVersion "1"]
[SourceVersionDate "2008.07.03"]
[SourceQuality "1"]

1. e4 e6 2. d4 d5 3. e5 b6 4. c3 Qd7 5. Nh3 Ne7 6. Nf4 c5 7. Nd2 cxd4 8. cxd4
Ba6 9. Bxa6 Nxa6 10. O-O Nf5 11. Nf3 h5 12. Nxh5 Rxh5 13. g4 Nxd4 14. gxh5 Nf5
15. Nd4 Nxd4 16. Qxd4 Nb4 17. Qh4 Nc6 18. Re1 Ne7 19. Bg5 Nf5 20. Qg4 Qb5 21.
Rac1 Bc5 22. Rc2 Qa5 23. Rec1 Qxa2 24. b4 Qa4 25. h6 gxh6 26. Bd2 Rd8 27. h3
Bf8 28. Rc7 Ne7 29. Rxe7+ Bxe7 30. Rc7 Bf8 31. Qf3 Rd7 32. Rc8+ Rd8 33. Rc7 Rd7
34. Rc1 Qa6 35. Qf6 Qb7 36. Qh8 Ke7 37. b5 Rc7 38. Kh2 Rxc1 39. Bxc1 Qc7 40.
Ba3+ Kd7 41. Bxf8 Qc4 42. Qf6 Qxb5 43. Qxf7+ Kc8 44. Qxe6+ Kb7 45. Qf7+ Ka6 46.
e6 d4 47. e7 Qe5+ 48. Kg2 Qe4+ 49. Kg3 Qe1 50. Qf3 1-0

[Event "Regina Helena Marques 6th"]
[Site "Santos"]
[Date "2008.05.17"]
[Round "9"]
[White "Diamant, Andre"]
[Black "Rodriguez Vila, Andres"]
[Result "1/2-1/2"]
[WhiteElo "2407"]
[BlackElo "2533"]
[PlyCount "57"]
[EventDate "2008.05.17"]
[EventType "tourn"]
[EventRounds "9"]
[EventCountry "BRA"]
[EventCategory "7"]
[SourceTitle "CBM 124 Extra"]
[Source "ChessBase"]
[SourceDate "2008.07.03"]
[SourceVersion "1"]
[SourceVersionDate "2008.07.03"]
[SourceQuality "1"]

1. e4 e6 2. d4 d5 3. Nd2 Nf6 4. e5 Nfd7 5. Ngf3 c5 6. c3 Nc6 7. Bd3 cxd4 8.
cxd4 f6 9. exf6 Nxf6 10. O-O Bd6 11. b3 O-O 12. Bb2 Qb6 13. Ne5 Nxd4 14. Ndc4
dxc4 15. Nxc4 Bxh2+ 16. Kxh2 Qc7+ 17. Kg1 Nc6 18. Qe2 Qf4 19. Rad1 Nb4 20. Be5
Qh6 21. Bd6 Nxd3 22. Bxf8 Nf4 23. Qf3 Kxf8 24. Rd8+ Ke7 25. Nd6 Bd7 26. Rxa8
Bc6 27. Nc8+ Kf7 28. Nd6+ Ke7 29. Nc8+ 1/2-1/2

[Event "Mercosur Cup"]
[Site "Villa Martelli"]
[Date "2008.07.29"]
[Round "1"]
[White "Rodriguez Vila, Andres"]
[Black "Flores Rios, Mauricio"]
[Result "1-0"]
[WhiteElo "2531"]
[BlackElo "2438"]
[Annotator "Alvarez,R"]
[PlyCount "99"]
[EventDate "2008.07.29"]
[EventType "tourn"]
[EventRounds "11"]
[EventCountry "ARG"]
[EventCategory "8"]
[SourceTitle "CBM 125 Extra"]
[Source "ChessBase"]
[SourceDate "2008.09.01"]
[SourceVersion "1"]
[SourceVersionDate "2008.09.01"]
[SourceQuality "1"]

1. d4 Nf6 2. Nf3 g6 3. c4 Bg7 4. g3 O-O 5. Bg2 d6 6. O-O Nc6 7. d5 Na5 8. Qa4
c5 9. Bd2 b6 10. Bxa5 bxa5 11. Nc3 Rb8 12. Qc2 Nd7 (12... e5 13. dxe6 Bxe6 14.
Na4 Bf5 15. Qd1 Re8 16. Rc1 Qe7 17. Re1 Bd7 18. e4 Ng4 19. Re2 Bxa4 20. Qxa4
Rxb2 21. Rxb2 Bxb2 22. Rb1 Bc3 23. h3 Ne5 24. Nxe5 dxe5 25. Qc6 {1/2-1/2 Hutz,
G (1977)-Starcic,T (2242)/Latschach 2002/EXT 2006}) 13. e4 Ba6 14. Nd2 Qb6 15.
Rab1 Ne5 16. Nd1 e6 17. Ne3 exd5 18. Nxd5 Qd8 19. f4 Nc6 20. Kh1 Nb4 21. Nxb4
axb4 22. Rbd1 Qe7 23. Rfe1 Bb7 24. h4 Rfe8 25. Kh2 Bc6 26. Nb3 Qc7 27. Qf2 Rbc8
{propone tablas} 28. Bf3 Ba8 29. Qg2 a5 30. Re2 a4 31. Nc1 Bc6 32. h5 Rcd8 33.
Red2 Bf8 34. Nd3 Qe7 35. Nf2 Bg7 36. Re2 Bd4 37. Ng4 Bg7 38. Ne3 Bd4 39. b3 Ra8
40. e5 Bxf3 41. Qxf3 dxe5 (41... Bxe3 $5 {eliminando el peligroso caballo de
las blancas merecia atencion, pero es cierto que las negras ya estaban
apremiadas por el reloj....} 42. Rxe3 axb3 43. axb3 dxe5 44. Rxe5) 42. Nd5 Qd8
$2 (42... Qd6) 43. fxe5 Kg7 44. Qf4 {Castigando las debiles casillas negras
del enroque.} axb3 45. h6+ Kg8 $2 (45... Kf8 $142 46. axb3) 46. Nf6+ $18 Kf8
47. Nxh7+ Ke7 48. Ng5 Rf8 49. axb3 Ra3 50. h7 1-0

[Event "Mercosur Cup"]
[Site "Villa Martelli"]
[Date "2008.07.30"]
[Round "2"]
[White "Valerga, Diego"]
[Black "Rodriguez Vila, Andres"]
[Result "1-0"]
[WhiteElo "2502"]
[BlackElo "2531"]
[PlyCount "97"]
[EventDate "2008.07.29"]
[EventType "tourn"]
[EventRounds "11"]
[EventCountry "ARG"]
[EventCategory "8"]
[SourceTitle "CBM 125 Extra"]
[Source "ChessBase"]
[SourceDate "2008.09.01"]
[SourceVersion "1"]
[SourceVersionDate "2008.09.01"]
[SourceQuality "1"]

1. e4 c5 2. Nf3 d6 3. d4 cxd4 4. Nxd4 Nf6 5. Nc3 g6 6. Be3 Bg7 7. f3 Nc6 8. Qd2
O-O 9. O-O-O Bd7 10. g4 Ne5 11. g5 Nh5 12. f4 Ng4 13. Bg1 e5 14. fxe5 Nxe5 15.
Be2 Bh3 16. Bxh5 gxh5 17. Nd5 Bg4 18. Nf5 Nf3 19. Qe3 Qa5 20. Kb1 Ne5 21. Nh6+
Kh8 22. Nxg4 hxg4 23. Qe2 Nc6 24. Be3 Rae8 25. Qxg4 Qa4 26. Bc1 Rxe4 27. Qf3
Ne5 28. Qb3 Qc6 29. Rhe1 Rh4 30. Qg3 Rc8 31. Qxh4 Qxc2+ 32. Ka1 Nf3 33. Qb4 Be5
34. a3 Nxe1 35. Rxe1 Qf2 36. Qxb7 Rc2 37. Rd1 Qf3 38. Qb8+ Kg7 39. Ne7 Rxc1+
40. Rxc1 Qxa3+ 41. Kb1 Qd3+ 42. Rc2 Qf1+ 43. Rc1 Qd3+ 44. Ka2 Qa6+ 45. Kb3 Qd3+
46. Kb4 Qe4+ 47. Ka3 Qd3+ 48. Rc3 Qa6+ 49. Kb3 1-0

[Event "Mercosur Cup"]
[Site "Villa Martelli"]
[Date "2008.07.31"]
[Round "3"]
[White "Rodriguez Vila, Andres"]
[Black "Fusco, Leonardo"]
[Result "1/2-1/2"]
[WhiteElo "2531"]
[BlackElo "2392"]
[PlyCount "162"]
[EventDate "2008.07.29"]
[EventType "tourn"]
[EventRounds "11"]
[EventCountry "ARG"]
[EventCategory "8"]
[SourceTitle "CBM 125 Extra"]
[Source "ChessBase"]
[SourceDate "2008.09.01"]
[SourceVersion "1"]
[SourceVersionDate "2008.09.01"]
[SourceQuality "1"]

1. d4 Nf6 2. Nf3 g6 3. c4 Bg7 4. g3 O-O 5. Bg2 d5 6. cxd5 Nxd5 7. O-O Nb6 8.
Nc3 Nc6 9. e3 Re8 10. Nd2 e5 11. d5 Ne7 12. e4 c6 13. Nb3 cxd5 14. exd5 Nc4 15.
Re1 Nf5 16. Ne4 Nfd6 17. Bg5 f6 18. Nxd6 Nxd6 19. Bd2 b6 20. a4 Bb7 21. a5 Rc8
22. axb6 axb6 23. Qe2 Bf8 24. Bc3 Qd7 25. Red1 Qb5 26. Qc2 Red8 27. Ra7 Rc7 28.
Bh3 f5 29. Bf1 Qe8 30. Ba6 Rdd7 31. Bxb7 Rxb7 32. Rxb7 Rxb7 33. Bb4 Qd8 34. Qc6
Rd7 35. Ra1 Rc7 36. Ra8 Rc8 37. Rxc8 Qxc8 38. Nd2 Qxc6 39. dxc6 Nc8 40. Bc3 Na7
41. c7 Bd6 42. Nc4 Bxc7 43. Bxe5 Bd8 44. Bd4 Nc8 45. Ne5 Bc7 46. Kf1 Kf8 47.
Nd7+ Kf7 48. Ke2 h6 49. Ne5+ Kf6 50. Ng4+ Kg5 51. Nf6 f4 52. Nd5 fxg3 53. hxg3
Bd8 54. Be3+ Kh5 55. Nf4+ Kg4 56. Nxg6 Bf6 57. b3 h5 58. Kd3 b5 59. Bc5 Kf5 60.
Nh4+ Ke6 61. Ke4 Nd6+ 62. Kf4 Be5+ 63. Kf3 Kd5 64. Bxd6 Bxd6 65. Nf5 Bf8 66.
Kf4 Kc5 67. Kg5 Kb4 68. Kxh5 Kxb3 69. Nd4+ Kc4 70. Nxb5 Kxb5 71. g4 Kc5 72. f4
Kd5 73. Kg6 Ke4 74. f5 Kf4 75. g5 Be7 76. f6 Bf8 77. f7 Be7 78. Kh5 Kf5 79. g6
Bf8 80. g7 Bxg7 81. f8=Q+ Bxf8 1/2-1/2

[Event "Mercosur Cup"]
[Site "Villa Martelli"]
[Date "2008.08.03"]
[Round "6"]
[White "Rodriguez Vila, Andres"]
[Black "Mareco, Sandro"]
[Result "1-0"]
[WhiteElo "2531"]
[BlackElo "2477"]
[PlyCount "67"]
[EventDate "2008.07.29"]
[EventType "tourn"]
[EventRounds "11"]
[EventCountry "ARG"]
[EventCategory "8"]
[SourceTitle "CBM 125 Extra"]
[Source "ChessBase"]
[SourceDate "2008.09.01"]
[SourceVersion "1"]
[SourceVersionDate "2008.09.01"]
[SourceQuality "1"]

1. e4 e5 2. Nf3 Nc6 3. Bc4 Bc5 4. c3 Nf6 5. d3 d6 6. h3 a6 7. Bb3 h6 8. Nbd2
Ba7 9. O-O O-O 10. Re1 Be6 11. Nf1 Re8 12. Ng3 Qd7 13. d4 Bxb3 14. axb3 exd4
15. cxd4 d5 16. e5 Ne4 17. Nh5 Qe7 18. Be3 Rad8 19. g3 Qf8 20. Nh4 g6 21. f3
gxh5 22. fxe4 dxe4 23. Qxh5 Re6 24. Qg4+ Kh8 25. Qxe6 fxe6 26. Ng6+ Kg7 27.
Nxf8 Rxf8 28. Rad1 Rf3 29. Kg2 Nb4 30. Rd2 Bb6 31. Bg1 Rd3 32. Rxd3 exd3 33.
Rd1 Ba5 34. Bf2 1-0

[Event "Mercosur Cup"]
[Site "Villa Martelli"]
[Date "2008.08.04"]
[Round "8"]
[White "Rodriguez Vila, Andres"]
[Black "Bachmann, Axel"]
[Result "0-1"]
[WhiteElo "2531"]
[BlackElo "2511"]
[PlyCount "114"]
[EventDate "2008.07.29"]
[EventType "tourn"]
[EventRounds "11"]
[EventCountry "ARG"]
[EventCategory "8"]
[SourceTitle "CBM 125 Extra"]
[Source "ChessBase"]
[SourceDate "2008.09.01"]
[SourceVersion "1"]
[SourceVersionDate "2008.09.01"]
[SourceQuality "1"]

1. e4 g6 2. d4 Bg7 3. c3 d6 4. f4 Nf6 5. Bd3 c5 6. dxc5 dxc5 7. Nf3 O-O 8. Na3
Nc6 9. e5 Nd5 10. Be4 e6 11. O-O f6 12. exf6 Qxf6 13. Bxd5 Rd8 14. Bxe6+ Bxe6
15. Qa4 a6 16. f5 Qxf5 17. Ng5 Qg4 18. Qxg4 Bxg4 19. Nf7 Re8 20. Nh6+ Bxh6 21.
Bxh6 Be2 22. Rf2 Bd3 23. Rd1 Ne5 24. h3 c4 25. Bf4 b5 26. b3 Re6 27. bxc4 bxc4
28. Rb2 Rf8 29. Bg3 Nc6 30. Rb7 Re2 31. Nb1 Ne7 32. Rxe7 Rxe7 33. Bd6 Re2 34.
Bxf8 Kxf8 35. Nd2 Kg7 36. Nf3 Rc2 37. Re1 Rxc3 38. Re7+ Kf6 39. Rxh7 Ra3 40.
Kf2 Rxa2+ 41. Ke3 Rxg2 42. Rc7 Re2+ 43. Kd4 Re4+ 44. Kd5 Re3 45. Rc6+ Kf5 46.
Nd4+ Kg5 47. Rxa6 Kh4 48. Ne6 c3 49. Ra1 c2 50. Nf4 Kg3 51. Ne6 Bc4+ 52. Kxc4
Rxe6 53. Kd3 Rc6 54. Rc1 Kxh3 55. Ke3 g5 56. Kf2 Kh2 57. Kf3 Rc4 0-1